Văn học Xô Viêt những năm gần đây

Shranjeno v:
Bibliografske podrobnosti
Glavni avtor: Hoàng Ngọc Hiến
Format: Knjiga
Jezik:Vietnamese
Izdano: Đà Nẵng Nxb. Đà Nẵng 1985
Teme:
Oznake: Označite
Brez oznak, prvi označite!
Thư viện lưu trữ: Mạng thư viện Đại học Đà Nẵng
LEADER 00808nam a2200301 4500
001 000003994
003 122
005 20121211001234.0
008 110713s1985 viesd
020 |c 10000 
041 0 |a vie 
082 |a 891.7  |b HOA 
100 1 |a Hoàng Ngọc Hiến 
245 1 0 |a Văn học Xô Viêt những năm gần đây  |c Hoàng Ngọc Hiến 
260 |a Đà Nẵng  |b Nxb. Đà Nẵng  |c 1985 
300 |a 207 tr.  |c 19 cm. 
653 |a Nghiên cứu văn học 
653 |a Phê bình văn học 
653 |a Văn học Xô Viết 
910 |a Thi  |d 13/7/2011 
OWN |a LSP 
999 |a From the UDN01 
TYP |a Monograph 
TYP |a Printed language 
980 |a Mạng thư viện Đại học Đà Nẵng